The Vietnam War : (Record no. 28253)

MARC details
000 -LEADER
campo de control de longitud fija 03552cam a2200493 i 4500
001 - NÚMERO DE CONTROL
campo de control 127590
005 - FECHA Y HORA DE LA ÚLTIMA TRANSACCIÓN
campo de control 20230410103917.0
008 - DATOS DE LONGITUD FIJA--INFORMACIÓN GENERAL
campo de control de longitud fija 170724t20172017nyuab b 001 0 eng d
035 ## - NÚMERO DE CONTROL DEL SISTEMA
Número de control de sistema 19819791
010 ## - NÚMERO DE CONTROL DE LA BIBLIOTECA DEL CONGRESO
Número de control de LC 2017287695
020 ## - NÚMERO INTERNACIONAL ESTÁNDAR DEL LIBRO
Número Internacional Estándar del Libro 1465457690
020 ## - NÚMERO INTERNACIONAL ESTÁNDAR DEL LIBRO
Número Internacional Estándar del Libro 9781465457691
035 ## - NÚMERO DE CONTROL DEL SISTEMA
Número de control de sistema (OCoLC)ocn953599540
042 ## - CÓDIGO DE AUTENTICACIÓN
Código de autenticación lccopycat
043 ## - CÓDIGO DE ÁREA GEOGRÁFICA
Código de área geográfica a-vt---
050 14 - SIGNATURA TOPOGRÁFICA DE LA BIBLIOTECA DEL CONGRESO
Número de clasificación 438 DS 557.72
Número de ítem V666 2017
082 00 - NÚMERO DE LA CLASIFICACIÓN DECIMAL DEWEY
Número de clasificación 959.7043
245 04 - MENCIÓN DEL TÍTULO
Título The Vietnam War :
Resto del título the definitive illustrated history.
246 14 - FORMA VARIANTE DEL TITULO
Título propio/Titulo breve DK Smithsonian the Vietnam War
246 1# - FORMA VARIANTE DEL TITULO
Texto de visualización At head of title:
Título propio/Titulo breve DK Smithsonian
250 ## - MENCION DE EDICION
Mención de edición First American edition.
264 #1 - PRODUCCIÓN, PUBLICACIÓN, DISTRIBUCIÓN, FABRICACIÓN Y COPYRIGHT
Producción, publicación, distribución, fabricación y copyright New York, New York :
Nombre del de productor, editor, distribuidor, fabricante DK Publishing,
Fecha de producción, publicación, distribución, fabricación o copyright 2017.
264 #4 - PRODUCCIÓN, PUBLICACIÓN, DISTRIBUCIÓN, FABRICACIÓN Y COPYRIGHT
Fecha de producción, publicación, distribución, fabricación o copyright 2017
300 ## - DESCRIPCIÓN FÍSICA
Extensión 360 pages :
Otras características físicas illustrations (chiefly color), color maps ;
Dimensiones 31 cm
336 ## - TIPO DE CONTENIDO
Término de tipo de contenido text
Código de tipo de contenido txt
Fuente rdacontent
336 ## - TIPO DE CONTENIDO
Término de tipo de contenido still image
Código de tipo de contenido sti
Fuente rdacontent
336 ## - TIPO DE CONTENIDO
Término de tipo de contenido cartographic image
Código de tipo de contenido cri
Fuente rdacontent
337 ## - TIPO DE MEDIO
Nombre/término del tipo de medio unmediated
Código del tipo de medio n
Fuente rdamedia
338 ## - TIPO DE SOPORTE
Nombre/término del tipo de soporte volume
Código del tipo de soporte nc
Fuente rdacarrier
504 ## - NOTA DE BIBLIOGRAFÍA, ETC.
Nota de bibliografía, etc. Includes bibliographical references and index.
505 0# - NOTA DE CONTENIDO CON FORMATO
Nota de contenido con formato The background (before March 1959) -- America drawn into Vietnam (Mar 1959-Dec 1964) -- America goes to war (Jan 1965-Sep 1967) -- The turning point (Sep 1967-Dec 1968) -- Nixon's war (Jan 1969-Dec 1971) -- Easter offensive to US Exit (Jane 1972-Jan 1973) -- Endgame and aftermath (after January 1973).
520 ## - RESUMEN, ETC.
Sumario, etc. Created in association with the Smithsonian Institution, this authoritative guide chronicles America's fight against Communism in southeast Asia during the 1960s and 1970s, and comprehensively explores the people, politics, events, and lasting effects of the Vietnam War. Honoring those who served in the war at home or abroad, the inside covers of this book feature images of submitted photographs of Vietnam veterans. Filled with more than 500 photographs, The Vietnam War tells the story of Vietnam through powerful images; profiles of the war's most influential figures, such as Henry Kissinger and Pol Pot; and a complete overview of the conduct, strategies, and events in this controversial war, including Ho Chi Minh's rise to power, the Geneva conference, America's intervention, and the Christmas bombings. Gallery spreads feature collections of infantry weapons, artillery, aircraft, and armored vehicles, and diagrams and maps show exactly where battles and key moments happened. A divisive and destructive event, the Vietnam War was the world's first televised war, and photographs from its front lines powerfully convey war's complex reality. Taking a global perspective, The Vietnam War remembers the people who served and features full spreads about prisoners of war, anti-war protest movements, and the significance of the war for black Americans as they struggled for civil rights. A powerful gift for the military enthusiast, The Vietnam War is a stirring visual record of the suffering, sacrifice, and heroism in America's longest and bloodiest conflict of the 20th century.
650 #0 - PUNTO DE ACCESO ADICIONAL DE MATERIA--TÉRMINO DE MATERIA
Término de materia o nombre geográfico como elemento de entrada Vietnam War, 1961-1975.
650 #0 - PUNTO DE ACCESO ADICIONAL DE MATERIA--TÉRMINO DE MATERIA
Término de materia o nombre geográfico como elemento de entrada Vietnam War, 1961-1975
Subdivisión de forma Pictorial works.
650 #4 - PUNTO DE ACCESO ADICIONAL DE MATERIA--TÉRMINO DE MATERIA
Término de materia o nombre geográfico como elemento de entrada Guerra de Vietnam, 1961-1975.
650 #4 - PUNTO DE ACCESO ADICIONAL DE MATERIA--TÉRMINO DE MATERIA
Término de materia o nombre geográfico como elemento de entrada Guerra de Vietnam, 1961-1975
Subdivisión de forma Obras pictóricas.
611 27 - PUNTO DE ACCESO ADICIONAL DE MATERIA--NOMBRE DE REUNIÓN/CONGRESO
Nombre de congreso/reunión o jurisdicción como elemento de entrada Vietnam War (1961-1975)
Fuente del encabezamiento o término fast
Número de control del registro de autoridad o número normalizado (OCoLC)fst01431664
648 #7 - PUNTO DE ACCESO ADICIONAL DE MATERIA--TÉRMINO CRONOLÓGICO
Término cronológico 1961-1975
Fuente del encabezamiento o término fast
655 #7 - TERMINO DE INDIZACIÓN--GENERO/FORMA
Datos o término principal de género/forma Pictorial works.
Fuente del término fast
Número de control del registro de autoridad o número normalizado (OCoLC)fst01423874
710 2# - ENTRADA AGREGADA--NOMBRE DE ENTIDAD CORPORATIVA
Nombre de entidad corporativa o nombre de jurisdicción como elemento de entrada Smithsonian Institution,
Término indicativo de función/relación issuing body.
710 2# - ENTRADA AGREGADA--NOMBRE DE ENTIDAD CORPORATIVA
Nombre de entidad corporativa o nombre de jurisdicción como elemento de entrada DK Publishing, Inc.,
Término indicativo de función/relación issuing body.
925 0# -
-- acquire
-- 2 shelf copies
-- Sel/rjc, 2017-09-12
942 ## - ELEMENTOS DE ENTRADA SECUNDARIOS (KOHA)
Fuente del sistema de clasificación o colocación Clasificación de Library of Congress
Tipo de ítem Koha
Holdings
Estatus retirado Estado de pérdida Fuente del sistema de clasificación o colocación Estado de daño No para préstamo Colección Biblioteca de origen Biblioteca actual Ubicación en estantería Fecha de adquisición Serial enumeration / chronology Signatura topográfica completa Código de barras Visto por última vez Copia número Tipo de ítem Koha
    Clasificación de Library of Congress     Recursos Regionales Biblioteca Juan Bosch Biblioteca Juan Bosch Recursos Regionales (2do. Piso) 10/04/2023 1 438 DS 557.72 V666 2017 00000120949 23/10/2018 1